Le Burkina Faso pour les touristes... - Statistiques

Statistiques générales
  • Ce quiz a été pris 14 fois
  • Le résultat moyen est 12 sur 20
Statistiques - réponses
Question Indice Réponses % Correct
Quelle est la langue officielle ? Français
92%
Quel est le régime du pays ? R République
92%
Dans la capitale quel est le décalage horaire avec Paris ? (+ ou - et chiffre) ex - 10 ou + 3,5 - 2
83%
Quelle est la monnaie ? Franc CFA
83%
Quel pays a accordé son indépendance à celui-ci ? France
83%
La religion majoritaire est Islam
83%
Achats à faire 3/ Beurre de karité
83%
Ce pays est plus grand que la France (oui/non) Non
83%
Code sur les plaques minéralogiques BF
75%
Le suffixe internet est bf
75%
Le principal aéroport est O Ouagadougou
75%
Quel est le climat local ? T Tropical
67%
Quelles sont les principaux lieux touristiques ? S Pics de {Sindou}
58%
Quelles sont les principaux lieux touristiques ? B Oasis de {Banfora}
50%
Quelles sont les principaux lieux touristiques ? T Concession royale de {Tiébélé}
33%
Achats à faire 5/ Type d'arbre en bronze Baobab
17%
Achats à faire 4/ Collier en... Cauries
8%
Achats à faire 1/ Tissu teinté à l' KilimIndigo
8%
Achats à faire 2/ Miel de KoliaiGourma
8%
Quelles sont les principaux lieux touristiques ? B Village de {Bani}
8%
Aucun quiz correspondant
Distribution des résultats
% des personnes avec chaque résultat
Percentile par nombre de réponses
Votre historique - résultats
Vous n’avez pas pris ce quiz